[Event "Sarajevo Bosna op 47th"]
[Site "Sarajevo"]
[Date "2017.05.14"]
[Round "2"]
[White "Nestorovic, Nikola"]
[Black "Van der Put, Frank"]
[Result "1-0"]
[WhiteElo "2506"]
[BlackElo "2258"]
[PlyCount "59"]
[EventDate "2017.05.13"]
[EventType "swiss"]
[EventRounds "9"]
[EventCountry "BIH"]
[SourceTitle "CBM 178 Extra"]
[Source "ChessBase"]
[SourceDate "2017.06.22"]
[SourceVersion "1"]
[SourceVersionDate "2017.06.22"]
[SourceQuality "1"]

1. e4 d5 2. exd5 Qxd5 3. Nc3 Qd6 4. d4 c6 5. Nf3 Bg4 6. Be3 Nf6 7. h3 Bxf3 8. Qxf3 e6 9. 0-0-0 Qc7 10. Bd3 Nbd7 11. g4 Bd6 12. g5 Nd5 13. Ne4 Nb4 14. Bc4 Nb6 15. Bb3 a5 16. a4 N4d5 17. Nxd6+ Qxd6 18. Bd2 Nc8 19. h4 Nce7 20. h5 Nf5 21. Qe4 Nde7 22. Bf4 Qb4 23. g6 hxg6 24. hxg6 Nxg6 25. Rxh8+ Nxh8 26. Bxe6 Ne7 27. Bf5 Kf8 28. c3 Qb6 29. Bd6 Re8 30. Rh1 1-0

[Event "Sarajevo Bosna op 47th"]
[Site "Sarajevo"]
[Date "2017.05.13"]
[Round "1"]
[White "Van der Put, Frank"]
[Black "Bajic, Salko"]
[Result "1-0"]
[WhiteElo "2258"]
[BlackElo "1732"]
[PlyCount "75"]
[EventDate "2017.05.13"]
[EventType "swiss"]
[EventRounds "9"]
[EventCountry "BIH"]
[SourceTitle "CBM 178 Extra"]
[Source "ChessBase"]
[SourceDate "2017.06.22"]
[SourceVersion "1"]
[SourceVersionDate "2017.06.22"]
[SourceQuality "1"]

1. d4 d5 2. c4 c6 3. Nf3 Nf6 4. Nc3 Nbd7 5. e3 e6 6. Bd3 Bd6 7. 0-0 0-0 8. e4 dxe4 9. Nxe4 Nxe4 10. Bxe4 Nf6 11. Bc2 h6 12. b3 Re8 13. Bb2 b6 14. Qe2 Bb7 15. Rad1 Rc8 16. c5 Bc7 17. Rfe1 Qe7 18. b4 Rcd8 19. a3 Nd5 20. Ne5 Qg5 21. Bc1 Qh4 22. Qf3 Qf6 23. Qe4 Ne7 24. Ng4 Qf5 25. Qe2 Qd5 26. Bxh6 Nf5 27. Be3 Nh4 28. f3 Qh5 29. Bf2 f5 30. Ne5 Ng6 31. Bg3 Bb8 32. Ba4 b5 33. Bb3 f4 34. Bf2 Nxe5 35. dxe5 Kf7 36. Qe4 g5 37. Qf5+ Kg8 38. Bxe6+ 1-0

[Event "NED-chT 1516"]
[Site "Netherlands"]
[Date "2016.04.02"]
[Round "8.6"]
[White "Van der Put, Frank"]
[Black "Schoorl, Rob"]
[Result "0-1"]
[WhiteElo "2264"]
[BlackElo "2292"]
[PlyCount "92"]
[EventDate "2015.09.26"]
[EventType "team-tourn"]
[EventRounds "9"]
[EventCountry "NED"]
[SourceTitle "EXT 2017"]
[Source "ChessBase"]
[SourceDate "2016.10.25"]
[SourceVersion "1"]
[SourceVersionDate "2016.10.25"]
[SourceQuality "1"]
[WhiteTeam "Utrecht"]
[BlackTeam "Calder HMC"]
[WhiteTeamCountry "NED"]
[BlackTeamCountry "NED"]

1. d4 g6 2. c4 Bg7 3. Nf3 d6 4. Nc3 Nf6 5. g3 0-0 6. Bg2 Nc6 7. 0-0 a6 8. b3 Rb8 9. Bb2 b5 10. cxb5 axb5 11. Rc1 b4 12. Nb1 Na7 13. Qc2 Bf5 14. Qxc7 Qxc7 15. Rxc7 Nb5 16. Rc4 Ra8 17. Rxb4 Rxa2 18. Rxb5 Rxb2 19. Nbd2 Ne4 20. Nxe4 Bxe4 21. Re1 Rc8 22. Bh3 Ra8 23. Ng5 Bc6 24. Rb6 Bd5 25. Bg2 Bxg2 26. Kxg2 Bxd4 27. Rc6 Raa2 28. Kf3 h6 29. Nh3 Rxb3+ 30. e3 g5 31. Rc4 Bc5 32. Re2 Ra1 33. Kg4 Rh1 34. f4 f6 35. e4 h5+ 36. Kxh5 gxf4 37. Nxf4 Rxg3 38. Ra4 Kf7 39. Ra8 Be3 40. Nd5 Rg5+ 41. Kh4 Bd4 42. Rc8 Be5 43. Rcc2 Rg8 44. Kh3 Rhg1 45. Rg2 R8xg2 46. Rxg2 Re1 0-1

[Event "NED-chT 1415"]
[Site "Netherlands"]
[Date "2015.03.21"]
[Round "7.5"]
[White "Lecomte, Robin"]
[Black "Van der Put, Frank"]
[Result "1/2-1/2"]
[WhiteElo "2256"]
[BlackElo "2201"]
[PlyCount "70"]
[EventDate "2014.09.27"]
[EventType "team-tourn"]
[EventRounds "9"]
[EventCountry "NED"]
[SourceTitle "EXT 2016"]
[Source "ChessBase"]
[SourceDate "2015.10.08"]
[SourceVersion "1"]
[SourceVersionDate "2015.10.08"]
[SourceQuality "1"]
[WhiteTeam "Charlois Europoort"]
[BlackTeam "Utrecht"]
[WhiteTeamCountry "NED"]
[BlackTeamCountry "NED"]

1. d4 Nf6 2. c4 g6 3. Nc3 Bg7 4. e4 0-0 5. Nf3 d6 6. Be2 c6 7. 0-0 Qc7 8. h3 e5 9. dxe5 dxe5 10. Be3 Re8 11. c5 Nh5 12. Re1 Nf4 13. Bf1 Nd7 14. Qd6 Qxd6 15. cxd6 Ne6 16. Red1 Rd8 17. b4 b6 18. Bc4 Bb7 19. Bxe6 fxe6 20. a4 a5 21. Rab1 axb4 22. Rxb4 c5 23. Rb2 Bc6 24. Ra2 Ra6 25. Nd2 Rda8 26. Rda1 Bf8 27. Nc4 b5 28. axb5 Bxb5 29. Na5 Bd3 30. Nb7 Rxa2 31. Rxa2 Rxa2 32. Nxa2 Bxe4 33. Nxc5 Bc6 34. Nb4 Bxd6 35. Nxc6 Bxc5 1/2-1/2

[Event "Werther Schloss op 19th"]
[Site "Werther"]
[Date "2013.03.23"]
[Round "4"]
[White "Urban, Lars"]
[Black "Van der Put, Frank"]
[Result "0-1"]
[WhiteElo "2104"]
[BlackElo "2193"]
[PlyCount "66"]
[EventDate "2013.03.22"]
[EventType "swiss"]
[EventRounds "7"]
[EventCountry "GER"]
[SourceTitle "CBM 153 Extra"]
[Source "ChessBase"]
[SourceDate "2013.04.22"]
[SourceVersion "1"]
[SourceVersionDate "2013.04.22"]
[SourceQuality "1"]

1. d4 Nf6 2. c4 e6 3. Nc3 d5 4. cxd5 exd5 5. Bg5 Be7 6. e3 0-0 7. Bd3 Re8 8. Qc2 h6 9. Bh4 c5 10. Nf3 Nc6 11. 0-0 Bg4 12. Ne5 cxd4 13. Nxc6 bxc6 14. exd4 Qb6 15. h3 Bd7 16. Rfd1 Kh8 17. g4 Qxd4 18. Bg6 Qb6 19. Bxf7 Rf8 20. Qg6 Ne4 21. g5 Bxg5 22. Nxe4 Bxh4 23. Kh1 Qb4 24. Nd6 Qf4 25. Rg1 Bf6 26. Rg3 Qxd6 27. Rag1 Qe7 28. Bg8 Rxg8 29. Qh5 Rae8 30. Rg6 Qe4+ 31. f3 Qf4 32. Rxf6 Qxf6 33. Rg6 Qf4 0-1

[Event "Werther Schloss op 19th"]
[Site "Werther"]
[Date "2013.03.22"]
[Round "3"]
[White "Van der Put, Frank"]
[Black "Hess, Christian"]
[Result "1/2-1/2"]
[WhiteElo "2193"]
[BlackElo "2268"]
[PlyCount "77"]
[EventDate "2013.03.22"]
[EventType "swiss"]
[EventRounds "7"]
[EventCountry "GER"]
[SourceTitle "CBM 153 Extra"]
[Source "ChessBase"]
[SourceDate "2013.04.22"]
[SourceVersion "1"]
[SourceVersionDate "2013.04.22"]
[SourceQuality "1"]

1. d4 d5 2. c4 c6 3. cxd5 cxd5 4. Nc3 Nf6 5. Nf3 Nc6 6. Bf4 Bf5 7. e3 e6 8. Qb3 Bb4 9. Bb5 0-0 10. 0-0 Qe7 11. a3 Bxc3 12. Qxc3 Ne4 13. Qe1 g5 14. Bg3 h5 15. Bxc6 bxc6 16. Qb4 Qxb4 17. axb4 h4 18. Bc7 Rfc8 19. Ba5 f6 20. Rfc1 Rab8 21. h3 Kf7 22. Ra4 Rb5 23. Kf1 Ke7 24. Ke2 Kd7 25. Nd2 Nxd2 26. Kxd2 e5 27. Ra3 Re8 28. Rac3 Re6 29. Rc5 exd4 30. exd4 a6 31. Rxb5 axb5 32. Bb6 Ke7 33. Ra1 Kf7 34. Ra7+ Kg6 35. f3 Bb1 36. Bc5 Bf5 37. Re7 Rxe7 38. Bxe7 Bb1 39. Ke3 1/2-1/2

[Event "Brasschaat op 10th"]
[Site "Brasschaat"]
[Date "2010.08.21"]
[Round "8"]
[White "Van Beers, Eddy"]
[Black "Van der Put, Frank"]
[Result "1-0"]
[WhiteElo "2343"]
[BlackElo "2144"]
[PlyCount "81"]
[EventDate "2010.08.14"]
[EventType "swiss"]
[EventRounds "9"]
[EventCountry "BEL"]
[SourceTitle "CBM 138 Extra"]
[Source "ChessBase"]
[SourceDate "2010.10.29"]
[SourceVersion "1"]
[SourceVersionDate "2010.10.29"]
[SourceQuality "1"]

1. e4 d5 2. exd5 Qxd5 3. Nc3 Qd6 4. d4 c6 5. Nf3 Bg4 6. Bc4 Nf6 7. Be3 Nbd7 8. h3 Bh5 9. Bb3 e6 10. Qe2 Qc7 11. 0-0-0 Bb4 12. g4 Bg6 13. g5 Nh5 14. d5 e5 15. dxc6 bxc6 16. Qc4 Bxc3 17. Qxc3 0-0 18. Nh4 Nb6 19. Rhe1 Rfe8 20. Nxg6 hxg6 21. Qd3 c5 22. Qxg6 c4 23. Qxh5 cxb3 24. axb3 Rec8 25. c3 g6 26. Qf3 a5 27. Qf6 Ra6 28. Bxb6 Rxb6 29. Qxe5 Rxb3 30. Qxc7 Rxc7 31. Rd8+ Kg7 32. Ree8 f5 33. Rg8+ Kf7 34. Rdf8+ Ke6 35. Rxg6+ Ke5 36. Rgf6 Rcb7 37. Rxf5+ Ke4 38. Rf4+ Ke5 39. R8f5+ Ke6 40. Rf6+ Ke5 41. Rd4 1-0

[Event "CFriend AT-2004-0-00252 email"]
[Site "Chessfriend.com"]
[Date "2004.12.05"]
[Round "1"]
[White "Van der Put, Frank"]
[Black "Jeremejev, Artjom"]
[Result "1-0"]
[WhiteElo "1996"]
[BlackElo "1932"]
[PlyCount "37"]
[EventDate "2004.??.??"]
[EventType "tourn (corr)"]
[EventRounds "2"]
[SourceTitle "Corr 2024"]
[Source "ChessBase"]
[SourceDate "2023.10.19"]
[SourceVersion "1"]
[SourceVersionDate "2023.10.19"]
[SourceQuality "1"]

1. d4 Nf6 2. c4 e6 3. Nc3 Bb4 4. Nf3 0-0 5. Bg5 d5 6. e3 b6 7. Bd3 Bb7 8. 0-0 Nbd7 9. Rc1 Rc8 10. cxd5 exd5 11. Bf5 Rb8 12. Qa4 Be7 13. Qxa7 Bc6 14. Bf4 Rb7 15. Qa6 Qa8 16. Qd3 g6 17. Bh3 Ra7 18. Rc2 Ne4 19. Nb5 1-0

[Event "CFriend AQ-2004-0-00002 email"]
[Site "Chessfriend.com"]
[Date "2004.01.17"]
[Round "?"]
[White "Buteica, Alexandru Cosmin"]
[Black "Van der Put, Frank"]
[Result "0-1"]
[WhiteElo "1700"]
[BlackElo "1978"]
[PlyCount "24"]
[EventDate "2004.??.??"]
[EventType "tourn (corr)"]
[EventRounds "14"]
[SourceTitle "Corr 2008"]
[Source "ChessBase"]
[SourceDate "2008.06.24"]
[SourceVersion "1"]
[SourceVersionDate "2008.06.24"]
[SourceQuality "1"]

1. Nc3 d5 2. e4 dxe4 3. Nxe4 Nc6 4. Nf3 Bf5 5. Ng3 Bg6 6. Bb5 Qd6 7. 0-0 Nf6 8. d4 0-0-0 9. c3 a6 10. Bxc6 Qxc6 11. Ne5 Qe8 12. Bg5 Nd7 0-1

[Event "CFriend AQ-2004-0-00002 email"]
[Site "Chessfriend.com"]
[Date "2004.01.17"]
[Round "1"]
[White "Massimini Gerbino, Martina"]
[Black "Van der Put, Frank"]
[Result "1-0"]
[WhiteElo "1923"]
[BlackElo "1996"]
[PlyCount "83"]
[EventDate "2004.??.??"]
[EventType "tourn (corr)"]
[EventRounds "14"]
[SourceTitle "Corr 2024"]
[Source "ChessBase"]
[SourceDate "2023.10.19"]
[SourceVersion "1"]
[SourceVersionDate "2023.10.19"]
[SourceQuality "1"]

1. Nf3 Nf6 2. c4 g6 3. g3 Bg7 4. Bg2 0-0 5. 0-0 d6 6. d4 Nc6 7. Nc3 a6 8. d5 Na5 9. Nd2 c5 10. Qc2 Rb8 11. b3 b5 12. Bb2 bxc4 13. bxc4 Bh6 14. Ncb1 Bd7 15. Bc3 Qc7 16. h3 Rfc8 17. Nb3 Ba4 18. Qd3 Bxb3 19. axb3 Nxb3 20. Bxf6 exf6 21. Rxa6 Nc1 22. Qc2 Qb7 23. Rc6 Rd8 24. e3 Qxb1 25. Rxc1 Qxc2 26. Rxc2 Rb1+ 27. Kh2 Bf8 28. g4 Ra8 29. Rc7 Kg7 30. Bf3 Raa1 31. h4 f5 32. gxf5 Rc1 33. Rb2 Rxc4 34. Rbb7 Rxh4+ 35. Kg3 g5 36. f6+ Kg6 37. Rxf7 Ra8 38. Bd1 Rc4 39. Be2 Rc3 40. Rxh7 Bh6 41. Rhe7 Bf8 42. Re6 1-0

[Event "CFriend AQ-2004-0-00002 email"]
[Site "Chessfriend.com"]
[Date "2004.01.17"]
[Round "1"]
[White "Tebelmann, Lars"]
[Black "Van der Put, Frank"]
[Result "0-1"]
[WhiteElo "1769"]
[BlackElo "1996"]
[PlyCount "80"]
[EventDate "2004.??.??"]
[EventType "tourn (corr)"]
[EventRounds "14"]
[SourceTitle "Corr 2024"]
[Source "ChessBase"]
[SourceDate "2023.10.19"]
[SourceVersion "1"]
[SourceVersionDate "2023.10.19"]
[SourceQuality "1"]

1. e4 c5 2. c3 Nf6 3. e5 Nd5 4. Nf3 Nc6 5. Bc4 Nb6 6. Bb3 d5 7. exd6 Qxd6 8. 0-0 c4 9. Bc2 Bg4 10. h3 Bh5 11. Re1 0-0-0 12. b3 Ne5 13. Rxe5 Bxf3 14. Qe1 Bd5 15. Na3 f6 16. Re3 e5 17. Nxc4 Nxc4 18. bxc4 Bxc4 19. d4 Qc7 20. dxe5 Bc5 21. exf6 gxf6 22. Re4 Bd5 23. Bf4 Qg7 24. Bb3 f5 25. Bxd5 Rxd5 26. Re8+ Rxe8 27. Qxe8+ Rd8 28. Qb5 Rd5 29. Qc4 Qd7 30. Re1 Qc6 31. Re8+ Qxe8 32. Qxd5 Qe1+ 33. Kh2 Bxf2 34. Qg8+ Kd7 35. Qxh7+ Ke6 36. Qg6+ Ke7 37. Bg5+ Kf8 38. Qxf5+ Ke8 39. h4 Bg1+ 40. Kh3 Qxc3+ 0-1

[Event "CFriend AQ-2004-0-00002 email"]
[Site "Chessfriend.com"]
[Date "2004.01.17"]
[Round "1"]
[White "Van der Put, Frank"]
[Black "Esquivel, Luis"]
[Result "1/2-1/2"]
[WhiteElo "1996"]
[BlackElo "1952"]
[PlyCount "88"]
[EventDate "2004.??.??"]
[EventType "tourn (corr)"]
[EventRounds "14"]
[SourceTitle "Corr 2024"]
[Source "ChessBase"]
[SourceDate "2023.10.19"]
[SourceVersion "1"]
[SourceVersionDate "2023.10.19"]
[SourceQuality "1"]

1. e4 c5 2. Nf3 Nc6 3. d4 cxd4 4. Nxd4 Nf6 5. Nc3 e5 6. Ndb5 d6 7. Bg5 a6 8. Na3 b5 9. Bxf6 gxf6 10. Nd5 f5 11. Bd3 Be6 12. 0-0 Bg7 13. Qh5 Ra7 14. c3 h6 15. Nc2 0-0 16. a4 bxa4 17. Rxa4 Qg5 18. Qe2 Rb8 19. Nce3 fxe4 20. Bxe4 a5 21. f4 exf4 22. Nxf4 Bd7 23. Qf2 Kh8 24. Ra3 Re8 25. Bd5 Be5 26. Nh3 Bxh3 27. Bxc6 Rg8 28. Nc4 Rc7 29. Nxe5 dxe5 30. Qf6+ Qxf6 31. Rxf6 Be6 32. Rxh6+ Kg7 33. Rxe6 fxe6 34. Bf3 Rb8 35. Rxa5 Rxb2 36. Rxe5 Rxc3 37. h4 Kf6 38. Re4 e5 39. h5 Rc7 40. Kh2 Rd2 41. Kg3 Rd4 42. Rxd4 exd4 43. Kf4 Re7 44. Be4 Kg7 1/2-1/2